Przydomki klubów żużlowych - Statystyki

Ogólne statystyki
  • Ten quiz został rozwiązany 1 526 razy
  • Średni wynik to 14 z 17
Statystyki odpowiedzi
Przydomek Nazwa klubu % Poprawnych
Anioły Apator Toruń
96%
Stalowcy Stal Gorzów
91%
Spartanie Sparta Wrocław
90%
Wilki KSM Krosno
89%
Byki Unia Leszno
88%
Motomyszy Falubaz Zielona Góra
87%
Koziołki Motor Lublin
87%
Lwy Włókniarz Częstochowa
86%
Jaskółki Unia Tarnów
82%
Kolejarze Kolejarz Opole
79%
Skorpiony PSŻ Poznań
79%
Gołębie GKM Grudziądz
77%
Rekiny ROW Rybnik
76%
Gryfy Polonia Bydgoszcz
73%
Niedźwiadki Kolejarz Rawicz
70%
Żurawie Stal Rzeszów
65%
Orły Start Gniezno
41%
Nie znaleziono quizów pasujących do podanych kryteriów
Rozkład punktacji
Procent ludzi z każdym wynikiem
Percentyl według liczby udzielonych odpowiedzi
Twoja historia wyników
Nie rozwiązałeś tego quizu